APUSH Period 6: Chapter 17 - Statistics

General Stats
  • This quiz has been taken 9 times
  • The average score is 3 of 24
Answer Stats
Hint Answer % Correct
Company controls all aspects of production from raw materials to finished goods Vertical Integration
75%
Major steel producer, built his own fortune, steel monopoly Andrew Carnegie
50%
Bully all other companies into merging with you and build a monopoly Horizontal Integration
50%
"King of Petroleum", made Standard Oil and created the first American monopoly John D. Rockefeller
50%
Barred Chinese laborers from entering the United States Chinese Exclusion Act
38%
Small group of associates to hold stock from a group of combined firms, managing them as a single entity Trust
38%
Separated from Knights of Labor, became nation's leading voice for workers American Federation of Labor
25%
A society without a government Anarchism
13%
All jobs reserved for union members, kept out lower wage workers Closed Shop
0%
Machines are used more than human labor in factories Deskilling
0%
Attempted to tackle issues that Grangers/Greenbacks had addressed earlier Farmer's Alliance
0%
Economic regulatory actions, crucial starting points for reform Granger Laws
0%
Thousands of railway workers walk off the job after wages are cut in 1877, rails stop completely Great Railroad Strike
0%
Against corporations and attempted to limit their power through rights for workers Greenback-Labor Party
0%
Chicago cattle dealer invented assembly line, revolutionizing manufacturing pioneered vertical integration Gustavus Swift
0%
Anarchist meeting, fight with police breaks out, 8 convicted in these riots Haymarket Square
0%
Wrote "Progress and Property", warned that Americans were too optimistic for railroads/manufacturing Henry George
0%
Steel workers unionize at Homestead mill, fight occurs between Union and state milita Homestead Lockout
0%
Forced railroads to show public the price for railroads, stopped corporations from setting unfair prices Interstate Commerce Act
0%
Secret society of garment workers in Philadelphia, argued that accumulation of wealth must be checked Knights of Labor
0%
The idea that people who work with their hands built the economy Producerism
0%
Led American Force of Labor, grew AFL to 2 million, popular among skilled craftsmen Samuel Gompers
0%
Employers must eliminate all brain work from manual labor Scientific Management
0%
Leader of Knights of Labor, warned against liquor, grassroot basis of labor activism Terrence Powderly
0%
No matching quizzes found
Score Distribution
Percent of People with Each Score
Percentile by Number Answered
Your Score History
You have not taken this quiz